| 000 | 00693nam a2200193Ia 4500 | ||
|---|---|---|---|
| 003 | IN-BaIIA | ||
| 008 | 211028s9999 xx 000 0 eng d | ||
| 040 | _cIIA Library | ||
| 080 |
_a52(083) _bBER |
||
| 100 |
_aBernoulli, John _9938 |
||
| 245 | 0 |
_aSexcentenary table exhibiting at sight the result of any proportion where the terms do not exced 600 seconds or 10 Minute _bwith precepts and examples _cJohn Bernoulli |
|
| 260 |
_aLondon _bWilliam Richardson _c1779 |
||
| 300 | _aviii,165p | ||
| 650 | _aArchives | ||
| 650 | _aAstronomy and Astrophysics Thesaurus | ||
| 650 |
_aAstronomy Tables _9939 |
||
| 650 |
_aTables-Astronomy _9940 |
||
| 942 | _cBK | ||
| 999 |
_c413 _d413 |
||